Economics Study Guide to Accompany

Uložené v:
Podrobná bibliografia
Hlavný autor: Herman, Robert
Médium: Kniha
Jazyk:English
Vydavateľské údaje: St. Louis Times Mirror 1987
Vydanie:1. ed.
Tagy: Pridať tag
Žiadne tagy, Buďte prvý, kto otaguje tento záznam!

MARC

LEADER 00000nam a2200000 4500
001 c034704
005 20221206140035.2
041 0 |a eng 
044 |a US 
245 1 0 |a Economics  |b Study Guide to Accompany  |c Robert Herman 
250 |a 1. ed. 
264 1 |a St. Louis  |b Times Mirror  |c 1987 
300 |a 461 s. 
100 1 |a Herman, Robert